All Main Series Monster Hunter Large Monsters - Statistics

General Stats
  • This quiz has been taken 133 times
  • The average score is 82 of 152
Answer Stats
Classification Monster % Correct
Flying Wyvern Rathian
88%
Flying Wyvern Rathalos
86%
Flying Wyvern Gold Rathian
82%
Flying Wyvern Silver Rathalos
82%
Elder Dragon Fatalis
79%
Flying Wyvern Pink Rathian
79%
Flying Wyvern Azure Rathalos
78%
Fanged Wyvern Zinogre
78%
Leviathan Lagiacrus
75%
Fanged Beast/Pelagus Rajang
75%
Brute Wyvern Brachydios
74%
Brute Wyvern Deviljho
74%
Flying Wyvern Diablos
74%
Brute Wyvern Glavenus
74%
Flying Wyvern Nargacuga
74%
Piscine Wyvern Plesioth
74%
Flying Wyvern Tigrex
74%
Elder Dragon White Fatalis
74%
??? Gore Magala
73%
Bird Wyvern Great Jaggi
73%
Amphibian Tetsucabra
73%
Elder Dragon Kushala Daora
71%
Leviathan Mizutsune
71%
Bird Wyvern Yian Garuga
71%
Flying Wyvern Black Diablos
70%
Elder Dragon Crimson Fatalis
70%
Elder Dragon Kirin
70%
Elder Dragon Teostra
70%
Bird Wyvern Yian Kut-Ku
70%
Brute Wyvern Barroth
68%
Flying Wyvern Astalos
67%
Flying Wyvern Barioth
67%
Brute Wyvern Uragaan
67%
Amphibian Zamtrios
67%
Fanged Beast/Pelagus Gammoth
66%
Elder Dragon Lunastra
66%
Elder Dragon Alatreon
64%
Elder Dragon Shagaru Magala
64%
Flying Wyvern Dreadking Rathalos
63%
Bird Wyvern Great Baggi
63%
Bird Wyvern Velocidrome
63%
Fanged Beast/Pelagus Congalala
62%
Flying Wyvern Dreadqueen Rathian
62%
Flying Wyvern Akantor
60%
Fanged Beast/Pelagus Blangonga
60%
Bird Wyvern Gendrome
60%
Bird Wyvern Iodrome
60%
Neopteron Seltas
60%
Fanged Wyvern Stygian Zinogre
60%
Fanged Beast/Pelagus Lagombi
59%
Elder Dragon Lao-Shan Lung
59%
Snake Wyvern Najarala
59%
Brute Wyvern Savage Deviljho
59%
Neopteron Seltas Queen
59%
Bird Wyvern Blue Yian Kut-Ku
58%
Flying Wyvern Brute Tigrex
58%
Carapaceon Daimyo Hermitaur
58%
Fanged Beast/Pelagus Furious Rajang
58%
Piscine Wyvern Lavasioth
58%
Carapaceon Shogun Ceanataur
58%
Fanged Beast/Pelagus Arzuros
56%
Elder Dragon Chameleos
56%
Bird Wyvern Giadrome
56%
Flying Wyvern Gravios
56%
Bird Wyvern Great Wroggi
56%
Piscine Wyvern Green Plesioth
56%
Brute Wyvern Hellblade Glavenus
56%
Flying Wyvern Monoblos
56%
Flying Wyvern Ukanlos
56%
Elder Dragon Dalamadur
55%
Flying Wyvern Green Nargacuga
55%
Brute Wyvern Jade Barroth
55%
Temnoceran Nerscylla
55%
Brute Wyvern Raging Brachydios
55%
Leviathan Royal Ludroth
55%
Elder Dragon Ceadeus
53%
Elder Dragon Rusted Kushala Daora
53%
Fanged Wyvern Thunderlord Zinogre
53%
Elder Dragon Valstrax
53%
Flying Wyvern White Monoblos
53%
Leviathan Abyssal Lagiacrus
52%
Flying Wyvern Basarios
52%
Fanged Beast/Pelagus Bulldrome
52%
Piscine Wyvern Cephadrome
52%
Elder Dragon Jhen Mohran
52%
Flying Wyvern Khezu
52%
Leviathan Agnaktor
51%
Flying Wyvern Bloodbath Diablos
51%
??? Chaotic Gore Magala
49%
Bird Wyvern Deadeye Yian Garuga
49%
Leviathan Ivory Lagiacrus
49%
Flying Wyvern Molten Tigrex
49%
Flying Wyvern Seregios
49%
Amphibian Drilltusk Tetsucabra
48%
Fanged Beast/Pelagus Emerald Congalala
48%
Bird Wyvern Great Maccao
48%
Flying Wyvern Grimclaw Tigrex
48%
Fanged Beast/Pelagus Redhelm Arzuros
48%
Flying Wyvern Sand Barioth
48%
Flying Wyvern Silverwind Nargacuga
48%
Neopteron Ahtal-Ka
47%
Flying Wyvern Black Gravios
47%
Neopteron Desert Seltas
47%
Flying Wyvern Lucent Nargacuga
47%
Leviathan Nibelsnarf
47%
Flying Wyvern Ruby Basarios
47%
Leviathan Soulseer Mizutsune
47%
Amphibian Tigerstripe Zamtrios
47%
Elder Dragon Dah'ren Mohran
45%
Neopteron Desert Seltas Queen
45%
Brute Wyvern Duramboros
45%
Fanged Beast/Pelagus Elderfrost Gammoth
45%
Leviathan Gobul
45%
Bird Wyvern Gypceros
45%
Brute Wyvern Crystalbeard Uragaan
44%
Flying Wyvern Red Khezu
44%
Fanged Beast/Pelagus Snowbaron Lagombi
44%
Fanged Beast/Pelagus Volvidon
44%
Elder Dragon Goldbeard Ceadeus
42%
Fanged Beast/Pelagus Kecha Wacha
42%
Elder Dragon Oroshi Kirin
42%
Elder Dragon Amatsu
41%
Elder Dragon Dire Miralis
41%
Leviathan Purple Ludroth
41%
Carapaceon Rustrazor Ceanataur
41%
Carapaceon Stonefist Hermitaur
41%
Elder Dragon Gogmazios
40%
Elder Dragon Shah Dalamadur
40%
Temnoceran Shrouded Nerscylla
40%
Elder Dragon Ashen Lao-Shan Lung
38%
Flying Wyvern Boltreaver Astalos
38%
Leviathan Glacial Agnaktor
38%
Carapaceon Plum Daimyo Hermitaur
38%
Bird Wyvern Purple Gypceros
38%
Snake Wyvern Tidal Najarala
38%
Amphibian Berserk Tetsucabra
37%
Bird Wyvern Hypnocatrice
37%
Bird Wyvern Malfestio
36%
Flying Wyvern Gigginox
34%
Neopteron Vespoid Queen
34%
Fanged Beast/Pelagus Copper Blangonga
33%
Carapaceon Shen Gaoren
33%
Elder Dragon Yama Tsukami
33%
Elder Dragon Nakarkos
32%
Elder Dragon Hallowed Jhen Mohran
30%
Fanged Beast/Pelagus Ash Kecha Wacha
29%
Lynian King Shakalaka
27%
Brute Wyvern Steel Uragaan
26%
Bird Wyvern Nightcloak Malfestio
25%
Brute Wyvern Rust Duramboros
25%
Carapaceon Terra Shogun Ceanataur
25%
Flying Wyvern Baleful Gigginox
19%
No matching quizzes found
Score Distribution
Percent of People with Each Score
Percentile by Number Answered
Your Score History
You have not taken this quiz